Tribhuvan University Central Library

Study on breast feeding and child rearing practice in Brahmin community in Jorpati Village of Kathmandu District, Nepal (Record no. 25123)

MARC details
000 -LEADER
fixed length control field 008270000a22003010004500
082 ## - DEWEY DECIMAL CLASSIFICATION NUMBER
Classification number 649.33
Item number Si64s
-- D
041 ## - LANGUAGE CODE
Language code of text/sound track or separate title Eng
100 ## - MAIN ENTRY--PERSONAL NAME
Personal name Singh, Sumitra
245 ## - TITLE STATEMENT
Title Study on breast feeding and child rearing practice in Brahmin community in Jorpati Village of Kathmandu District, Nepal
260 ## - PUBLICATION, DISTRIBUTION, ETC. (IMPRINT)
Place of publication, distribution, etc Kathmandu, Nepal
260 ## - PUBLICATION, DISTRIBUTION, ETC. (IMPRINT)
Date of publication, distribution, etc 2000
300 ## - PHYSICAL DESCRIPTION
Extent 55p.
500 ## - GENERAL NOTE
General note Includes bibliographies
518 ## - DATE/TIME AND PLACE OF AN EVENT NOTE
Date/time and place of an event note 20011112
530 ## - ADDITIONAL PHYSICAL FORM AVAILABLE NOTE
Additional physical form available note Dis
502 ## - DISSERTATION NOTE
Dissertation note Dissertation
-- Degree in Education, Tribhuvan University
650 ## - SUBJECT ADDED ENTRY--TOPICAL TERM
Topical term or geographic name as entry element Feeding
650 ## - SUBJECT ADDED ENTRY--TOPICAL TERM
Topical term or geographic name as entry element Birth control
650 ## - SUBJECT ADDED ENTRY--TOPICAL TERM
Topical term or geographic name as entry element Population
650 ## - SUBJECT ADDED ENTRY--TOPICAL TERM
Topical term or geographic name as entry element Child rearing
650 ## - SUBJECT ADDED ENTRY--TOPICAL TERM
Topical term or geographic name as entry element Community development
650 ## - SUBJECT ADDED ENTRY--TOPICAL TERM
Topical term or geographic name as entry element Child development
650 ## - SUBJECT ADDED ENTRY--TOPICAL TERM
Topical term or geographic name as entry element Health education
650 ## - SUBJECT ADDED ENTRY--TOPICAL TERM
Topical term or geographic name as entry element Breast feeding
651 ## - SUBJECT ADDED ENTRY--GEOGRAPHIC NAME
Geographic name Jorpati VDC
650 ## - SUBJECT ADDED ENTRY--TOPICAL TERM
Topical term or geographic name as entry element Brahmins
942 ## - ADDED ENTRY ELEMENTS (KOHA)
Koha item type General Collections
Holdings
Withdrawn status Lost status Damaged status Not for loan Home library Current library Date acquired Total Checkouts Barcode Date last seen Price effective from
        Tribhuvan University Central Library Tribhuvan University Central Library 06/20/2010   D7132 06/20/2010 06/20/2010